The obligations of service providers to their landlords (Record no. 66432)
[ view plain ]
| 000 -LEADER | |
|---|---|
| fixed length control field | 01241cam a2200241 4500 |
| 001 - CONTROL NUMBER | |
| control field | ABS63733 |
| 008 - FIXED-LENGTH DATA ELEMENTS--GENERAL INFORMATION | |
| fixed length control field | 000000n2001 000 0 eng u |
| 035 ## - SYSTEM CONTROL NUMBER | |
| System control number | (Sirsi) u111487 |
| 100 ## - MAIN ENTRY--PERSONAL NAME | |
| Personal name | Cullingworth, R. |
| 245 #4 - TITLE STATEMENT | |
| Title | The obligations of service providers to their landlords |
| 260 ## - PUBLICATION, DISTRIBUTION, ETC. | |
| Date of publication, distribution, etc. | 2001 |
| 490 ## - SERIES STATEMENT | |
| Series statement | Access by Design |
| Volume/sequential designation | (86) 20-22(3) |
| 520 ## - SUMMARY, ETC. | |
| Summary, etc. | Considers the relationship between landlords and tenants in the context of Pt III of the Disability Discrimination Act 1995 (DDA). Looks in particular at the issue which arises where a service provider is a tenant, of whether the landlord can require the tenant to make adjustments to the building, to ensure it is accessible. For every commercial lease contains a covenant requiring the tenant to comply with legislation that affects the leased premises. Notes that the answer is still not clear-cut, and sets out some of the issues that will need to be considered by the courts. |
| 590 ## - LOCAL NOTE (RLIN) | |
| Local note | ABS |
| 650 ## - SUBJECT ADDED ENTRY--TOPICAL TERM | |
| Topical term or geographic name entry element | DISABILITY DISCRIMINATION ACT 1995 PART III |
| 650 ## - SUBJECT ADDED ENTRY--TOPICAL TERM | |
| Topical term or geographic name entry element | SERVICE PROVIDERS |
| 650 ## - SUBJECT ADDED ENTRY--TOPICAL TERM | |
| Topical term or geographic name entry element | LANDLORDS |
| 650 ## - SUBJECT ADDED ENTRY--TOPICAL TERM | |
| Topical term or geographic name entry element | ACCESSIBLE BUILDINGS |
| 650 ## - SUBJECT ADDED ENTRY--TOPICAL TERM | |
| Topical term or geographic name entry element | TENANTS OBLIGATIONS |
| 690 ## - LOCAL SUBJECT ADDED ENTRY--TOPICAL TERM (OCLC, RLIN) | |
| Topical term or geographic name as entry element | LANDLORD AND TENANT-LEASES |
| 700 ## - ADDED ENTRY--PERSONAL NAME | |
| Personal name | Williams, P.J.G |
| 942 ## - ADDED ENTRY ELEMENTS (KOHA) | |
| Suppress in OPAC | 0 |
| Withdrawn status | Lost status | Source of classification or shelving scheme | Damaged status | Not for loan | Home library | Current library | Shelving location | Date acquired | Total Checkouts | Full call number | Barcode | Date last seen | Copy number | Price effective from | Koha item type |
|---|---|---|---|---|---|---|---|---|---|---|---|---|---|---|---|
| Dewey Decimal Classification | London | London | Journal article | 20/03/2001 | ABS63733 | 111487-1001 | 06/08/2019 | 1 | 06/08/2019 | Journal article |